[Event "Titled Tuesday intern op 25th Feb Early"]
[Site "Chess.com INT"]
[Date "2025.02.25"]
[Round "4"]
[White "Bruhovich, Olexandr"]
[Black "Bodnaruk, Anastasia"]
[Result "0-1"]
[WhiteElo "2208"]
[BlackElo "2334"]
[PlyCount "76"]
[EventDate "2025.02.25"]
[EventType "swiss (blitz)"]
[EventRounds "11"]
[EventCountry "USA"]
[SourceTitle "CB10_2025"]
[SourceDate "2025.03.05"]
[SourceVersion "1"]
[SourceVersionDate "2025.03.05"]
[SourceQuality "1"]

1. e4 c5 2. Nf3 d6 3. d4 cxd4 4. Nxd4 Nf6 5. Nc3 a6 6. Bg5 Nbd7 7. Qd2 e6 8. Be2 Be7 9. 0-0 0-0 10. a4 Qc7 11. Kh1 h6 12. Be3 b6 13. Rfd1 Bb7 14. f3 Ne5 15. Qe1 Nc4 16. Bxc4 Qxc4 17. Nb3 Qc7 18. Qf2 Nd7 19. Qg3 Kh7 20. Bf4 Ne5 21. Nd2 g5 22. Be3 f5 23. Bd4 Bf6 24. exf5 exf5 25. Nf1 Rae8 26. Qf2 Nd7 27. Bxf6 Nxf6 28. Qd4 Re6 29. Ne3 f4 30. Qd3+ Kh8 31. Nf5 Ne8 32. Nd4 Ref6 33. Re1 Ng7 34. Rad1 d5 35. Nb3 Nf5 36. Nxd5 Bxd5 37. Qxd5 Ne3 38. Qd7 Qxc2 0-1

[Event "Titled Tuesday intern op 11th Feb Early"]
[Site "Chess.com INT"]
[Date "2025.02.11"]
[Round "2"]
[White "Jahnz, Laurin"]
[Black "Bodnaruk, Anastasia"]
[Result "0-1"]
[WhiteElo "2179"]
[BlackElo "2334"]
[PlyCount "106"]
[EventDate "2025.02.11"]
[EventType "swiss (blitz)"]
[EventRounds "11"]
[EventCountry "USA"]
[SourceTitle "CB08_2025"]
[SourceDate "2025.02.19"]
[SourceVersion "1"]
[SourceVersionDate "2025.02.19"]
[SourceQuality "1"]

1. e4 c5 2. Nf3 d6 3. Bb5+ Nd7 4. 0-0 a6 5. Bxd7+ Bxd7 6. Qe2 e5 7. Rd1 Nf6 8. c3 Be7 9. d4 exd4 10. cxd4 cxd4 11. Rxd4 0-0 12. Nc3 Re8 13. Bf4 Rc8 14. Rad1 Qa5 15. Bxd6 Bxd6 16. Rxd6 Bc6 17. Rxf6 gxf6 18. Nd4 Rcd8 19. Nf5 Rxd1+ 20. Qxd1 Kh8 21. Qh5 Rxe4 22. h3 Re1+ 23. Kh2 Qe5+ 24. Ng3 Qxh5 25. Nxh5 f5 26. Ng3 f4 27. Nh5 f3 28. gxf3 Bxf3 29. Nf4 Rc1 30. Kg3 Bc6 31. a3 Rc2 32. Nd3 Rd2 33. Ne5 Kg7 34. b4 f6 35. Nxc6 Rd3+ 36. Kg4 bxc6 37. Ne4 Rxa3 38. Nc5 Ra2 39. f4 a5 40. bxa5 Rxa5 41. Ne6+ Kg6 42. Nd4 f5+ 43. Kh4 Rc5 44. Kg3 Rc3+ 45. Kg2 c5 46. Ne6 Rc1 47. Kf2 c4 48. Ke2 c3 49. Nd4 Rh1 50. Kf2 Rxh3 51. Kg2 Rd3 52. Ne2 c2 53. Kf1 Rd1+ 0-1